01713nam a22002777a 4500003000900000008004100009040007100050082002400121110003300145245004500178260005000223300002900273440010100302505080600403650002101209650001601230650002501246650002401271700001601295700002001311700002001331700002501351700001701376700001901393700002301412AR-CdUCM190425b ||||| |||| 00| 0 spa d aMUNICIPALIDAD PROVINCIAL DEL CUSCOcBIBLIOTECA MUNICIPAL DEL CUSCO aRev.Allp/N°15/1980 aInstituto de Pastoral Andina aAllpanchis Phuturinqa :bRevista Anual / aCusco :bInstituto de Pastoral Andina,c1980. a193 páginas. :c20 cm. aRevista del Instituto de Pastoral Andina CusconAño [ ], [ ] semestre de 1980, N°15. Vol. XIV aContenido: Las culturas superiores andinas y el medio geográfico. Carl Troll. -- Notas sobre la agricultura de riego en la costa peruana. Jürgen Golte. -- Hidráulica agrícola prehispánica. Roger Revines.--La actividad agropecuaria durante el periodo formativo en los andes centrales. Jorge Silva. -- La agricultura prehispánica en las punas de Junín. Ramiro Matos. -- La producción de maíz en Ollantaytambo durante el siglo XVIII. Luis Miguel Glave. -- Medidas con precio y como instrumentos para la explotación. Un expediente cusqueño del siglo XVIII. Magnus Morner. -- Problemas agrarios e historia política en el Archivo del Congreso. José Mejía. -- Derroteros de la etnohistoria en el Perú. José Deústua. -- Documentos del Cusco historia y poder. Efraín Trelles aDesarrollo rural aAgricultura aEconomía campesina aFrontera agrícola aTroll, Carl aGolte, Jürgen aRevines, Rogger aSolar la Cruz, Felix aSilva, Jorge aMorner, Magnus aGlave, Luis Miguel